000 01424nam a22004337a 4500
003 OSt
005 20230524121409.0
008 221006b |||||||| |||| 00| 0 eng d
040 _cBiblioteca Lado V
082 _a700
_bA786l
110 _9830
_aARTEDER
_eEditor
245 _aLAPIZ/
_bRevista Mensual de Arte/
260 _bFeria internacional de Bilbao
_c2001
_aEspaña
300 _c22x29cm
_a112p.
366 _espa
490 _a175
_vXX
505 _aSantiago B. Olmo
505 _aPaco Barragan
505 _aM Jose Velayos Castelo
505 _aElena Lledo
505 _aBienal de Venecia
505 _aManuel Garcia
505 _aEnmmanuela de Cecco
505 _aAlicia Murria
505 _aJose Alberto Lopez
505 _aCrónicas de Exposiciones
505 _aActualidad
505 _aPublicaciones
650 _2Tesauro de Arte & Arquitectura
_aARTE
_9703
650 _2Tesauro de Arte & Arquitectura
_aARQUITECTURA
650 _2Tesauro de Arte & Arquitectura
_aFOTOGRAFIA
_9702
650 _2Tesauro de Arte & Arquitectura
_aENTREVISTAS
650 _2Tesauro de Arte & Arquitectura
_aARQUEOLOGIA
650 _2Tesauro de Arte & Arquitectura
_aREPORTAJES
650 _2Tesauro de Arte & Arquitectura
_aLIBROS
650 _2Tesauro de Arte & Arquitectura
_aNOTICIAS
651 _2Tesauro de Arte & Arquitectura
_aSUBASTAS
942 _2ddc
_c1
_h700
_iA786l
_n0
999 _c3702
_d3702